000 01131nam a2200337 i 4500
999 _c65653
_d65653
001 768714001
003 CO-MdFUSB
005 20200626102433.0
007 ta
008 200406b ||||| |||| 00| 0 eng d
020 _a 9781565634312
040 _aCO-MdFUSB
_bspa
_cCO-MdFUSB
_dCO-MdFUSBC
_erda
041 _aeng
082 _223
_a226.06
_bW673
100 _aWilder, Amos Niven.
_eautor
245 1 _aEarly Christian rhetoric :
_bthe language of the Gospel
_c/ Amos N Wilder
264 1 _aEstados Unidos :
_bHendrickson Publishers,
_c[1999]
264 4 _c© 1999
300 _a135 páginas
_c; 22 cm
336 _2rdacontent
_atexto
_btxt
337 _2rdamedia
_asin mediación
_bn
338 _2rdacarrier
_avolumen
_bnc
500 _aColección Dawn Christina Harrell
505 _aLa nueva expresión. -- Modos y géneros. -- El diálogo. -- La historia. -- La parábola. -- El poema. -- Imágenes, símbolo, mito.
563 _aRústico
630 7 _aBiblia.
_pNuevo Testamento
_xHistoria y crítica
653 _aCrítica literaria
942 _cBK
945 _aJTF-925
_bAEM-53